| 000 | 00837nam a2200205 a 4500 | ||
|---|---|---|---|
| 001 | BRCA_1535 | ||
| 005 | 20190320203449.0 | ||
| 008 | 961211s1994 mx-a---##c---#000-0#spa-# | ||
| 020 | _a9687525010 | ||
| 040 |
_aDLC _cDLC _dDLC |
||
| 050 | 4 |
_aND255 _b.J69 1994 |
|
| 245 | 1 | 0 |
_aJoyas de la pintura mexicana _bexposición temporal inaugural _ccoordinación general de exposición y catálogo Museo de Monterrey. |
| 260 |
_aMonterrey, México _bMuseo de Monterrey _c1994 |
||
| 300 |
_a52 p. _bil. a color _c28 cm. |
||
| 500 | _aCatálogo de la exposición realizada en el Museo de Historia Mexicana (Monterrey, México), noviembre - diciembre, 1994 | ||
| 500 | _aTítulo de cabecera : Museo de Historia Mexicana | ||
| 650 | 1 | 4 |
_aPintura mexicana _vCatálogos _93411 |
| 650 | 1 | 4 |
_aPintura mexicana _vExposiciones _ySiglo XX _94387 |
| 942 |
_2lcc _cB |
||
| 999 |
_c1382 _d1382 |
||